000 00434nam a2200145Ia 4500
008 150201s2008 xx 000 0 und d
082 _a617.6
_bE2008Q
100 _aQRSTAVIK DOG
245 _aESSENTIAL ENDODONTOLOGY : PREVENTION AND TREATMENT OF APICAL PERIODONTITIS
250 _a2ND
260 _bBLACKWELL SCIENCE PUB.
_aOXFORD (U.K)
_c2008
300 _a1-478
650 _aCONSERVATIVE DENTISTRY & ENDODONTICS
942 _2ddc
_cBK
999 _c4135
_d4135